000 00536nam a2200181 a 4500
001 000016103
005 20200929164256.0
008 100225s2001 dr 001 0 spa d
040 _aDO-SdBNP
_bspa
_cBNPHU
082 _a305.4
_bG216
100 1 _aGarcía Carrasco, Félix
_918191
245 1 0 _aMujer y madre /
_cFélix García Carrasco.
260 _aSanto Domingo :
_bCiguapa,
_c2001.
300 _a20 p. ;
_c22 cm.
650 4 _aMujeres
_xCuestiones sociales y morales
_911704
650 4 _aDía de las madres
_936090
049 _aBNPD
999 _c15644
_d15644